| 000 | 01805nam a2200361 a 4500 | ||
|---|---|---|---|
| 001 | ebr10196602 | ||
| 003 | CaPaEBR | ||
| 006 | m u | ||
| 007 | cr cn||||||||| | ||
| 008 | 070525s2007 dcua sb 101 0 eng | ||
| 010 | _z 2007929664 | ||
| 020 | _z9781586037659 (hardcover) | ||
| 040 |
_aCaPaEBR _cCaPaEBR |
||
| 035 | _a(OCoLC)647673683 | ||
| 043 | _amb----- | ||
| 050 | 1 | 4 |
_aDJK66 _b.N38 2006eb |
| 111 | 2 |
_aNATO Advanced Research Workshop on Establishing Security and Stability in the Wider Black Sea Area _d(2006 : _cBansko, Bulgaria) |
|
| 245 | 1 | 0 |
_aEstablishing security and stability in the wider Black Sea area _h[electronic resource] : _binternational politics and the new and emerging democracies / _cedited by Peter Volten, Blagovest Tashev. |
| 260 |
_aWashington, DC : _bIOS Press in cooperation with NATO Public Diplomacy Division, _cc2007. |
||
| 300 |
_a237 p. : _bill. |
||
| 490 | 0 |
_aNato science for peace and security series. E, Human and societal dynamics ; _vv. 26 |
|
| 504 | _aIncludes bibliographical references and index. | ||
| 533 |
_aElectronic reproduction. _bPalo Alto, Calif. : _cebrary, _d2013. _nAvailable via World Wide Web. _nAccess may be limited to ebrary affiliated libraries. |
||
| 610 | 2 | 0 |
_aEuropean Union _zBlack Sea Region _vCongresses. |
| 610 | 2 | 0 |
_aNorth Atlantic Treaty Organization _zBlack Sea Region _vCongresses. |
| 650 | 0 |
_aNational security _zBlack Sea Region _vCongresses. |
|
| 651 | 0 |
_aBlack Sea Region _xPolitics and government _y21st century _vCongresses. |
|
| 655 | 7 |
_aElectronic books. _2local |
|
| 700 | 1 | _aVolten, Peter M. E. | |
| 700 | 1 |
_aTashev, Blagovest, _d1964- |
|
| 710 | 2 | _aebrary, Inc. | |
| 856 | 4 | 0 |
_uhttp://site.ebrary.com/lib/rucke/Doc?id=10196602 _zAn electronic book accessible through the World Wide Web; click to view |
| 999 |
_c115607 _d115607 |
||